| 000 | 00773 a2200217 4500 | ||
|---|---|---|---|
| 999 |
_c960 _d960 |
||
| 020 | _a9780636134225 | ||
| 050 | 0 | 0 | _aG1021.BAR 2013 |
| 100 | _aBartholomew Collins | ||
| 110 | 2 | _aCollins-Longman Atlases. | |
| 245 | 1 | 0 |
_aNew secondary atlas / _bCollind Barthlomew |
| 264 |
_aNew York: _bPearson publishing., _c2013 |
||
| 300 |
_a1 atlas (147 p.) : _bcol. maps ; |
||
| 500 | _a"First published 1984"--T.p. verso. | ||
| 500 | _a"Designed specifically for use by students in East African and Central African countries studying for Ordinary and Advanced Level Certificate examinations"--P. 4 of cover. | ||
| 500 | _aIncludes indexes. | ||
| 650 | 0 | _aAtlases | |
| 651 | 0 | _aAfrica | |
| 942 |
_2lcc _cBK _h1021 _iBAR _kG |
||